[Event "EU-ch (Women) 24th"]
[Site "Rhodes"]
[Date "2024.04.20"]
[Round "2"]
[White "Tashkinova, Sofiia"]
[Black "Dereka, Konstantina"]
[Result "1/2-1/2"]
[WhiteElo "2066"]
[BlackElo "1821"]
[PlyCount "63"]
[EventDate "2024.04.19"]
[EventType "swiss"]
[EventRounds "10"]
[EventCountry "GRE"]
[SourceTitle "CBM 219 Extra"]
[Source "ChessBase"]
[SourceDate "2024.05.31"]
[SourceVersion "1"]
[SourceVersionDate "2024.05.31"]
[SourceQuality "1"]

1. e4 c5 2. Nf3 e6 3. d4 cxd4 4. Nxd4 Nc6 5. Nc3 Qc7 6. g3 a6 7. Bg2 b5 8. 0-0 Bb7 9. a3 Nf6 10. Bg5 Be7 11. Nde2 h6 12. Bf4 d6 13. Qd2 0-0 14. Rad1 Rad8 15. Rfe1 Ne5 16. b3 Ng6 17. Qd3 Qb8 18. Bc1 d5 19. exd5 Nxd5 20. Nxd5 Bxd5 21. Bxd5 Rxd5 22. Qe4 Rfd8 23. Nc3 Re5 24. Qf3 Rxe1+ 25. Rxe1 Qc7 26. Bb2 Bf6 27. h4 Ne5 28. Qe4 Rd4 29. Qa8+ Rd8 30. Qe4 Rd4 31. Qa8+ Rd8 32. Qe4 1/2-1/2

[Event "EU-Cup (Women) 27th"]
[Site "Durres"]
[Date "2023.10.01"]
[Round "1.3"]
[White "Tashkinova, Sofiia"]
[Black "Injac, Teodora"]
[Result "0-1"]
[WhiteElo "2042"]
[BlackElo "2426"]
[PlyCount "120"]
[EventDate "2023.10.01"]
[EventType "team-swiss"]
[EventRounds "7"]
[EventCountry "ALB"]
[SourceTitle "CBM 216 Extra"]
[Source "ChessBase"]
[SourceDate "2023.11.30"]
[SourceVersion "1"]
[SourceVersionDate "2023.11.30"]
[SourceQuality "1"]
[WhiteTeam "Rishon Le Zion (W)"]
[BlackTeam "Ajka Garuda (W)"]
[WhiteTeamCountry "ISR"]
[BlackTeamCountry "HUN"]

1. e4 c5 2. Nc3 Nc6 3. Bb5 Nd4 4. Nf3 e6 5. 0-0 a6 6. Bd3 Nc6 7. e5 d6 8. exd6 Bxd6 9. Ne4 Be7 10. b3 Nf6 11. Bb2 b6 12. Nxf6+ Bxf6 13. Be4 Bb7 14. Bxf6 Qxf6 15. Qe2 0-0 16. Bxc6 Bxc6 17. Ne5 Rfc8 18. Rad1 Bb7 19. d4 Qg5 20. f4 Qe7 21. c4 Rd8 22. dxc5 Qxc5+ 23. Kh1 b5 24. Rxd8+ Rxd8 25. Rd1 Rd4 26. h3 f6 27. Rxd4 Qxd4 28. Nd3 Qd6 29. c5 Qd5 30. b4 Qf5 31. Qe3 Qd5 32. Qe2 Qc4 33. Qd2 Bd5 34. Ne1 Qxa2 35. Qxa2 Bxa2 36. Nf3 Kf7 37. Nd4 Bd5 38. Kg1 g6 39. Kf2 e5 40. fxe5 fxe5 41. Nc2 Ke6 42. g3 Be4 43. Ne3 a5 44. bxa5 b4 45. Nc4 Bd3 46. Nd2 Kd5 47. Ke3 Bb5 48. Nf3 b3 49. Kd2 e4 50. Ne1 Kd4 51. Ng2 Bd3 52. c6 b2 53. c7 b1Q 54. c8Q Qb2+ 55. Kd1 Qe2+ 56. Kc1 Qf1+ 57. Kb2 Qxg2+ 58. Kb3 Qxg3 59. Qc3+ Kd5 60. a6 Bc4+ 0-1

[Event "EU-ch U16 Girls 31st"]
[Site "Mamaia"]
[Date "2023.09.08"]
[Round "4"]
[White "Tashkinova, Sofiia"]
[Black "Manko, Mariya"]
[Result "1-0"]
[WhiteElo "2037"]
[BlackElo "2095"]
[PlyCount "67"]
[EventDate "2023.09.05"]
[EventType "swiss"]
[EventRounds "9"]
[EventCountry "ROU"]
[SourceTitle "CBM 216 Extra"]
[Source "ChessBase"]
[SourceDate "2023.11.30"]
[SourceVersion "1"]
[SourceVersionDate "2023.11.30"]
[SourceQuality "1"]

1. e4 c5 2. Nf3 Nc6 3. Bb5 g6 4. Bxc6 bxc6 5. 0-0 Bg7 6. Re1 Qc7 7. c3 d6 8. h3 Nh6 9. d4 cxd4 10. cxd4 0-0 11. Nc3 Kh8 12. Bf4 f6 13. Qd2 Nf7 14. Rac1 e5 15. Be3 f5 16. dxe5 dxe5 17. Qc2 Bd7 18. Red1 f4 19. Bc5 Rfe8 20. Ba3 g5 21. Rd3 a5 22. Nb5 Qb7 23. Rcd1 Bxh3 24. Nd6 Nxd6 25. Rxd6 Bg4 26. Nxg5 h6 27. f3 hxg5 28. fxg4 Rac8 29. R1d3 c5 30. Qc4 Bf8 31. Rd7 Qb6 32. Rh3+ Bh6 33. Qf7 c4+ 34. Kh2 1-0

[Event "EU-ch U16 Girls 31st"]
[Site "Mamaia"]
[Date "2023.09.07"]
[Round "3"]
[White "Lobo Pereira, Arami"]
[Black "Tashkinova, Sofiia"]
[Result "0-1"]
[WhiteElo "1866"]
[BlackElo "2037"]
[PlyCount "82"]
[EventDate "2023.09.05"]
[EventType "swiss"]
[EventRounds "9"]
[EventCountry "ROU"]
[SourceTitle "CBM 216 Extra"]
[Source "ChessBase"]
[SourceDate "2023.11.30"]
[SourceVersion "1"]
[SourceVersionDate "2023.11.30"]
[SourceQuality "1"]

1. d4 Nf6 2. c4 e6 3. Nf3 b6 4. g3 Ba6 5. Qc2 c5 6. Bg2 Bb7 7. 0-0 d6 8. b3 Nc6 9. Bb2 Qc7 10. Nbd2 Nxd4 11. Nxd4 cxd4 12. Bxb7 Qxb7 13. Bxd4 e5 14. Bb2 h5 15. h4 Be7 16. Qf5 Rd8 17. Rfd1 Rh6 18. Nf1 Ng4 19. f3 Nf6 20. Ne3 Rg6 21. Kh2 Qc6 22. Nd5 Qc5 23. Nxf6+ Rxf6 24. Qd3 Qf2+ 25. Kh3 Rg6 26. Rg1 Bxh4 27. f4 exf4 28. Bd4 Rxg3+ 29. Rxg3 Qxg3+ 30. Qxg3 Bxg3 31. Bxg7 Kd7 32. Rd1 Re8 33. Rd2 Be1 34. Rc2 Re3+ 35. Kh2 h4 36. Bh6 Bg3+ 37. Kg2 Re6 38. Bg7 f6 39. Kf3 h3 40. Bh6 Re3+ 41. Kg4 h2 0-1

[Event "EU-ch U16 Girls 31st"]
[Site "Mamaia"]
[Date "2023.09.05"]
[Round "1"]
[White "Petrenko, Maryna"]
[Black "Tashkinova, Sofiia"]
[Result "0-1"]
[WhiteElo "1699"]
[BlackElo "2037"]
[PlyCount "136"]
[EventDate "2023.09.05"]
[EventType "swiss"]
[EventRounds "9"]
[EventCountry "ROU"]
[SourceTitle "CBM 216 Extra"]
[Source "ChessBase"]
[SourceDate "2023.11.30"]
[SourceVersion "1"]
[SourceVersionDate "2023.11.30"]
[SourceQuality "1"]

1. d4 Nf6 2. c4 e6 3. g3 Bb4+ 4. Bd2 Qe7 5. Nf3 Nc6 6. a3 Bxd2+ 7. Nbxd2 d6 8. Bg2 e5 9. d5 Nb8 10. e4 0-0 11. 0-0 a5 12. b4 Na6 13. h3 Bd7 14. Rb1 h6 15. Qe2 Nh7 16. b5 Nc5 17. Nb3 Nxb3 18. Rxb3 b6 19. a4 f5 20. Nh4 Qf6 21. exf5 Bxf5 22. Nxf5 Qxf5 23. f4 Rae8 24. g4 Qf6 25. Re3 Qe7 26. fxe5 dxe5 27. Be4 Rxf1+ 28. Kxf1 Nf8 29. Bf5 g6 30. Bc2 Kg7 31. Kg2 Nd7 32. Qd3 Qd6 33. Rf3 Nc5 34. Qf1 Qe7 35. Qb1 e4 36. Qa1+ Qe5 37. Qxe5+ Rxe5 38. Re3 Kf6 39. h4 Re7 40. Kg3 Ke5 41. g5 hxg5 42. hxg5 Kd4 43. Re1 Kc3 44. Bb1 Kxc4 45. Kf4 Kxd5 46. Rd1+ Kc4 47. Ke3 Nxa4 48. Rd4+ Kxb5 49. Rxe4 Rxe4+ 50. Bxe4 Nc5 51. Bxg6 Ne6 52. Be8+ Kc5 53. g6 Kd6 54. Kd2 Ke7 55. Ba4 Kf6 56. Bc2 Nf4 57. Ke3 Nxg6 58. Kd4 Ne7 59. Kc4 c6 60. Be4 Ke5 61. Bc2 Kd6 62. Be4 b5+ 63. Kb3 c5 64. Bf3 c4+ 65. Ka3 Kc5 66. Be2 b4+ 67. Ka4 Nd5 68. Bg4 Kb6 0-1

[Event "Arad op 16th"]
[Site "Arad"]
[Date "2023.08.09"]
[Round "4"]
[White "Tashkinova, Sofiia"]
[Black "Coicev, Matei Andrei"]
[Result "0-1"]
[WhiteElo "2077"]
[BlackElo "2093"]
[PlyCount "80"]
[EventDate "2023.08.07"]
[EventType "swiss"]
[EventRounds "9"]
[EventCountry "ROU"]
[SourceTitle "EXT 2024"]
[Source "ChessBase"]
[SourceDate "2023.10.10"]
[SourceVersion "1"]
[SourceVersionDate "2023.10.10"]
[SourceQuality "1"]

1. e4 e5 2. Nf3 Nc6 3. Nc3 Nf6 4. Bb5 Bb4 5. 0-0 0-0 6. d3 d6 7. Ne2 Ne7 8. c3 Ba5 9. Ng3 c6 10. Ba4 Ng6 11. d4 Re8 12. d5 b5 13. Bb3 cxd5 14. Bxd5 Nxd5 15. Qxd5 Rb8 16. Ng5 Qf6 17. Nh5 Qe7 18. f4 Bg4 19. fxe5 Nxe5 20. Ng3 Bb6+ 21. Kh1 h6 22. Nf3 Be6 23. Qd2 Nxf3 24. Rxf3 d5 25. e5 Bg4 26. Rf1 Qxe5 27. Qc2 Rbd8 28. Bf4 Qe7 29. Qd3 Qc5 30. h3 Be6 31. Qf3 d4 32. cxd4 Qxd4 33. Rad1 Qxb2 34. Rxd8 Rxd8 35. Nh5 Bc4 36. Rd1 Rxd1+ 37. Qxd1 Be2 38. Qd5 Qb1+ 39. Kh2 Qg1+ 40. Kg3 Bf2# 0-1

[Event "EU-chT U18 Girls"]
[Site "Iasi"]
[Date "2023.07.26"]
[Round "3.1"]
[White "Puia, Alexia Teodora"]
[Black "Tashkinova, Sofiia"]
[Result "0-1"]
[WhiteElo "1788"]
[BlackElo "2024"]
[PlyCount "72"]
[EventDate "2023.07.24"]
[EventType "team-swiss"]
[EventRounds "7"]
[EventCountry "ROU"]
[SourceTitle "CBM 215 Extra"]
[Source "ChessBase"]
[SourceDate "2023.09.30"]
[SourceVersion "1"]
[SourceVersionDate "2023.09.30"]
[SourceQuality "1"]
[WhiteTeam "Romania CSM Masters U18 Girls"]
[BlackTeam "Israel U18 Girls II"]
[WhiteTeamCountry "ROU"]
[BlackTeamCountry "ISR"]

1. d4 Nf6 2. c4 e6 3. Nc3 Bb4 4. f3 d5 5. a3 Bxc3+ 6. bxc3 c5 7. cxd5 Nxd5 8. dxc5 Qa5 9. e4 Ne7 10. Be3 0-0 11. Qb3 Qc7 12. Bb5 Nec6 13. Bxc6 Nxc6 14. Ne2 e5 15. Rc1 Na5 16. Qb4 Be6 17. c4 Rfd8 18. Rc3 Rd7 19. Kf2 Rad8 20. Qa4 f5 21. exf5 Bxf5 22. Ng3 Bg6 23. Re1 h6 24. h4 Nc6 25. Rcc1 Nd4 26. Qxa7 Nc2 27. Re2 Nxe3 28. Rxe3 Rd2+ 29. Ne2 Qe7 30. g3 Be8 31. Qa5 Bc6 32. Qc3 e4 33. f4 Qd7 34. Rc2 Rd1 35. Rc1 Qh3 36. Rxd1 Rxd1 0-1